Cuộc sống không giới hạn= Life without limits
Nội dung cuốn sách chia sẽ với các bạn những kinh nghiệm tác giả có đựoc trong hành trình chiến thắng chính mình, với những thách thức mà tôi tin bất cứ ai trong chúng ta cũng đều gặp phải.
Zapisane w:
| 1. autor: | |
|---|---|
| Format: | Książka |
| Język: | Undetermined |
| Wydane: |
Tp.Hồ Chí Minh
Tổng hợp Tp.Hồ Chí Minh
2013
|
| Hasła przedmiotowe: | |
| Etykiety: |
Dodaj etykietę
Nie ma etykietki, Dołącz pierwszą etykiete!
|
| Thư viện lưu trữ: | Trung tâm Học liệu Trường Đại học Cần Thơ |
|---|
| LEADER | 01053nam a2200229Ia 4500 | ||
|---|---|---|---|
| 001 | CTU_180757 | ||
| 008 | 210402s9999 xx 000 0 und d | ||
| 020 | |c 98000 | ||
| 082 | |a 248.86 | ||
| 082 | |b V989 | ||
| 100 | |a Vujicic, Nick. | ||
| 245 | 0 | |a Cuộc sống không giới hạn= | |
| 245 | 0 | |b Life without limits | |
| 245 | 0 | |c Nick Vujicic ; Nguyễn Bích Lan dịch | |
| 260 | |a Tp.Hồ Chí Minh | ||
| 260 | |b Tổng hợp Tp.Hồ Chí Minh | ||
| 260 | |c 2013 | ||
| 520 | |a Nội dung cuốn sách chia sẽ với các bạn những kinh nghiệm tác giả có đựoc trong hành trình chiến thắng chính mình, với những thách thức mà tôi tin bất cứ ai trong chúng ta cũng đều gặp phải. | ||
| 650 | |a Christian life.,Happiness,Phocomelus,Hạnh phúc | ||
| 650 | |x Religious aspects,Christianity,Biography,Khía cạnh tôn giáo,Giáo lý cơ đốc | ||
| 904 | |i Tuyến | ||
| 980 | |a Trung tâm Học liệu Trường Đại học Cần Thơ | ||